Chapman Library

Quantitative methods: theory and applications (Record no. 174)

000 -LEADER
fixed length control field 00333nam a22001217a 4500
020 ## - INTERNATIONAL STANDARD BOOK NUMBER
ISBN 0230328717
050 ## - LIBRARY OF CONGRESS CALL NUMBER
Classification number HF5691
100 ## - MAIN ENTRY--AUTHOR NAME
Personal name Sharma, J. K.
245 ## - TITLE STATEMENT
Title Quantitative methods: theory and applications
260 ## - PUBLICATION, DISTRIBUTION, ETC. (IMPRINT)
Place of publication New Delhi
Name of publisher Macmillan
Year of publication 2010
300 ## - PHYSICAL DESCRIPTION
Number of Pages 865p.
Other physical details xv,:ill. Includes bibliographical references and index
942 ## - ADDED ENTRY ELEMENTS (KOHA)
Koha item type Books
Holdings
Koha item type Collection code Shelving location Accession Number Permanent Location Current Location Date acquired Full call number
BooksReferenceReference3010Chapman LibraryChapman Library2016-01-21HF5691sha
BooksReferenceReference3011Chapman LibraryChapman Library2016-01-21HF5691sha


CSUC Chapman Library is a Koha Automated Library.


Contact us: library@csuc.edu.gh.